Illini in the NBA - Statistics

General Stats
  • This quiz has been taken 12 times
  • The average score is 13 of 49
Answer Stats
Draft Year Teams YOS GP PPG Name % Correct
2002 CHI, NYK 3 86 2.9 Frank "Frankie" Williams
92%
2005 BRK, CLE, DAL, NJN, UTH 12 845 16.3 Deron Williams
83%
2006 PHX, UTH, WAS 2 68 2.1 Dee Brown
75%
1989 MEM, ORL, SAC 14 800 14.4 Nick Anderson
75%
1990 CHA, CHI, MIA, MIL, MIN, NJN, SEA 15 966 13.4 Kendall Gill
58%
2021* CHI 1 96 9.2 Ayo Dosunmu
50%
2006 ORL 2 27 1.6 James Augustine
50%
1989 BOS, DEN, GOS, PHX 4 134 4.7 Kenny Battle
50%
2005 HOU, IND, MIA, SAC 6 348 8.2 Luther Head
50%
2005 UTH 1 3 0.7 Roger Powell
50%
2003 HOU, LAC, LAL, ORL, WAS 9 421 5.5 Brian Cook
42%
1981 CHA, HOU, IND, KCK, PHX, SAC, SEA 17 1199 16.0 Eddie Johnson
42%
2017* ATL, CHI 1 22 3.3 Malcolm Hill
42%
1990 DEN, DET 5 267 7.3 Marcus Liberty
42%
1954 PHL, SYR, WAS 12 905 13.8 Red Kerr
42%
1986 SAC 1 8 1.8 Bruce Douglas
33%
2018* LAL, MIA 4 140 13.9 Kendrick Nunn
33%
2012 MIA, POR 9 447 5.6 Meyers Leonard
33%
1947 BOS, CHI, FWP, PHI 11 701 9.1 Andy Phillip
25%
2013 SAN 1 64 2.3 Brandon Paul
25%
1983 DAL, LAL, NYK, ORL 16 1199 13.4 Derek Harper
25%
1987 ATL, LAC, MIL 10 646 13.5 Ken Norman
25%
2002 MEM, ORL, PHX, TOR 2 44 1.2 Robert Archibald
25%
1986 SEA 6 39 1.9 Scott Meents
25%
1990 DAL, DET, SAN 5 33 2.2 Steve Bardo
25%
1949 FWP, MIL, TCB 4 267 12.1 Dike Eddleman
17%
1966 LAL 2 64 10.8 Donnie Freeman
17%
1951 MIL, MIN 2 113 7.7 Don Sunderlage
17%
1947 CHI, MIL, TCB 5 175 8.3 Gene Vance
17%
1973 CHI, SDC, SEA, WAS 7 453 9.0 Nick Weatherspoon
17%
1968 NYN 1 34 10.6 Rich Jones
17%
1969 PHL 1 1 2.0 Dave Scholz
8%
1958 ATL, DET, STH, WAS 10 727 15.9 Don Ohl
8%
1957 CHI 1 3 1.3 George Bon Salle
8%
1953 MIL, STH 2 131 6.3 Irv Bemoras
8%
1948 SRS 1 61 9.8 Jack Burmaster
8%
1948 STB, WAT 1 34 2.7 Johnny Orr
8%
1997 DEN, ORL 3 31 2.3 Kiwane Garris
8%
1970 NYK, PHL 3 119 3.3 Mike Price
8%
2016 MEM 1 20 5.4 Myke Henry
8%
1989 CHA, MIA 2 50 4.3 Scott Haffner
8%
1969 BOS, BUF, MIL 9 568 5.5 Steve Kuberski
8%
1950 SYR 4 204 7.0 Wally Osterkorn
8%
1947 AND, FWP, INJ, MIL, TCB 3 118 7.7 Walt Kirk
8%
2002 MIL, NJN, WAS 3 60 2.4 Awvee Storey
0%
1947 AND, FWP, WAT 2 118 6.2 Jack Smiley
0%
1964 CHI, WAS 11 755 14.0 Jerry Sloan
0%
1947 WAT 1 6 2.5 Ken Menke
0%
1947 SRS, WAT 1 53 6.1 Stan Patrick
0%
No matching quizzes found
Score Distribution
Percent of People with Each Score
Percentile by Number Answered
Your Score History
You have not taken this quiz